Historia anecdótica del duelo en todas las épocas y en todos los paises / (Record no. 45672)

MARC details
000 -LEADER
campo de control de longitud fija 00786nam a2200217 i 4500
001 - NÚMERO DE CONTROL
campo de control 45672
003 - IDENTIFICADOR DE NÚMERO DE CONTROL
campo de control ES-MaACL
005 - FECHA Y HORA DE LA ÚLTIMA TRANSACCIÓN
campo de control 20250815062636.0
007 - CAMPO FIJO DE DESCRIPCIÓN FÍSICA--INFORMACIÓN GENERAL
campo de control de longitud fija t|
008 - DATOS DE LONGITUD FIJA--INFORMACIÓN GENERAL
campo de control de longitud fija 030326s1900 sp ||||1| spa d
100 1# - ENTRADA PRINCIPAL--NOMBRE DE PERSONA
Nombre de persona Colombey, Emile.
9 (RLIN) 39822
245 10 - MENCIÓN DEL TÍTULO
Título Historia anecdótica del duelo en todas las épocas y en todos los paises /
Mención de responsabilidad, etc. Emilio Colombey ; traducción por Luis de Terán.
260 ## - PUBLICACIÓN, DISTRIBUCIÓN, ETC.
Lugar de publicación, distribución, etc. Madrid :
Nombre del editor, distribuidor, etc. La España Moderna,
Fecha de publicación, distribución, etc. 1900 (
Fabricante Estab. tip. de Iodamor Moreno)
300 ## - DESCRIPCIÓN FÍSICA
Extensión 363 p. ;
Dimensiones 23 cm.
490 1# - MENCIÓN DE SERIE
Mención de serie Biblioteca de jurisprudencia, filosofía e historia
650 04 - PUNTO DE ACCESO ADICIONAL DE MATERIA--TÉRMINO DE MATERIA
Término de materia o nombre geográfico como elemento de entrada Duelos.
9 (RLIN) 11988
700 1# - ENTRADA AGREGADA--NOMBRE PERSONAL
Nombre de persona Terán, Luis de,
Fechas asociadas al nombre 1864-1935
9 (RLIN) 109725
830 00 - PUNTO DE ACCESO ADICIONAL DE SERIE-TÍTULO UNIFORME
Título uniforme Biblioteca de jurisprudencia, filosofía e historia
9 (RLIN) 180691
852 ## - LOCALIZACIÓN
Ubicación ES-MaACL
Número de control de estantería F-14899
Holdings
Estatus retirado Estado de pérdida Estado de daño No para préstamo Colección Biblioteca de origen Biblioteca actual Ubicación en estantería Fecha de adquisición Fuente de adquisición Total de préstamos Signatura topográfica completa Código de barras Visto por última vez Precio de reemplazo Tipo de ítem Koha
        Libros del s. XIX Biblioteca del Ateneo de Madrid Biblioteca del Ateneo de Madrid Sala Pecera Planta 2 17/01/2008     F-14899 1048050 23/02/2023 23/02/2023 Libro impreso antiguo